[Event "39th TCh-GRE"]
[Site "Eretria GRE"]
[Date "2011.07.04"]
[Round "2.14"]
[White "Gogolis, Alexandros"]
[Black "Hrisanthopoulos, Dimitrios"]
[Result "1-0"]
[WhiteTitle "FM"]
[WhiteElo "2261"]
[BlackElo "2076"]
[WhiteTeam "Ilioupolis CC"]
[BlackTeam "Kallithea CC"]
[WhiteFideId "4202066"]
[BlackFideId "4200543"]
[EventDate "2011.07.03"]

1. d4 Nf6 2. Nf3 e6 3. Bg5 c5 4. e3 d5 5. c3 Nbd7 6. Nbd2 Qb6 7. Rb1 Bd6 8. Be2
cxd4 9. exd4 Qc7 10. O-O h6 11. Bh4 O-O 12. Bd3 b6 13. Re1 Nh5 14. Rc1 Nf4 15.
Bf1 Bb7 16. Bg3 Rac8 17. Ne5 Nxe5 18. Bxf4 Ng6 19. Bxd6 Qxd6 20. Nf3 f6 21. Qc2
Kf7 22. Re3 Rc7 23. Rce1 Re8 24. Bd3 Nf8 25. Nh4 Bc6 26. Bg6+ Nxg6 27. Qxg6+ Kf8
28. g3 Qd7 29. f4 Qf7 30. Qh7 Qg8 31. Qxg8+ Kxg8 32. Rxe6 Rxe6 33. Rxe6 Kf7 34.
Re1 g6 35. Kf2 Bb7 36. Ng2 h5 37. Ne3 Rd7 38. h3 Re7 39. g4 Re4 40. Ng2 hxg4 41.
hxg4 Rxe1 42. Kxe1 Bc8 43. Ne3 Ke6 44. Kf2 Ba6 45. f5+ gxf5 46. Nxf5 Bd3 47. Ne3
Bb1 48. a3 Ba2 49. Kg3 a5 50. Kf4 a4 51. Nf1 Bb1 52. Nd2 Bc2 53. c4 Bd3 54. c5
bxc5 55. Ke3 c4 56. Kf4 Bc2 57. g5 fxg5+ 58. Kxg5 Bd1 59. Nb1 Bc2 60. Nc3 Bb3
61. Kf4 Bc2 62. Ke3 Kf6 63. Kd2 Bb3 64. Ne2 Ke6 65. Kc3 Bd1 66. Nf4+ Kd6 67. Kb4
Bc2 68. Ne2 Ke6 69. Nc3 Kf5 70. Nxd5 Ke4 71. Nc3+ Kxd4 72. Nxa4 Bd3 73. Nc3 Bf1
74. Na4 Be2 75. Nb6 1-0

[Event "39th TCh-GRE"]
[Site "Eretria GRE"]
[Date "2011.07.04"]
[Round "2.14"]
[White "Anagnostopoulos, Konstantinos"]
[Black "Ignatiadis, Konstantinos"]
[Result "0-1"]
[WhiteElo "2038"]
[BlackElo "2133"]
[WhiteTeam "Kallithea CC"]
[BlackTeam "Ilioupolis CC"]
[WhiteFideId "4251067"]
[BlackFideId "4203100"]
[EventDate "2011.07.03"]

1. d4 Nf6 2. c4 e6 3. Nc3 Bb4 4. a3 Bxc3+ 5. bxc3 c5 6. f3 d6 7. e3 O-O 8. Bd3
Nc6 9. Ne2 b6 10. Ng3 Ba6 11. Qe2 Rc8 12. Bd2 Na5 13. d5 Qd7 14. a4 exd5 15.
cxd5 Bxd3 16. Qxd3 c4 17. Qf5 Qe7 18. e4 g6 19. Qh3 Nxd5 20. Bh6 Nb3 21. Bxf8
Rxf8 22. Ra3 Nxc3 23. O-O d5 24. Qh6 f6 25. Raa1 Nxa1 26. Rxa1 Qe5 27. Rc1 Qd4+
28. Kh1 dxe4 29. Qf4 f5 30. h4 Nxa4 31. fxe4 Nc5 32. Ne2 Qxe4 33. Qxe4 fxe4 34.
Rxc4 Rf2 35. Ng3 Rf4 0-1

[Event "39th TCh-GRE"]
[Site "Eretria GRE"]
[Date "2011.07.04"]
[Round "2.14"]
[White "Tsouba, Maria"]
[Black "Anastasopoulou, Andrianna"]
[Result "0-1"]
[WhiteElo "1512"]
[BlackElo "1786"]
[WhiteTeam "Kallithea CC"]
[BlackTeam "Ilioupolis CC"]
[WhiteFideId "4231643"]
[BlackFideId "4212746"]
[EventDate "2011.07.03"]

1. c4 e5 2. Nc3 Nc6 3. d3 d6 4. Nf3 Nf6 5. g3 g6 6. Bg2 Bg7 7. O-O O-O 8. Bd2 h6
9. a3 Nh5 10. Qc1 Kh7 11. e3 f5 12. Ne2 Qe7 13. Qc2 g5 14. Rad1 Kh8 15. b4 f4
16. exf4 gxf4 17. Nh4 Qf7 18. Nf3 Bf5 19. Bc1 Rae8 20. Nh4 Bh7 21. Nc3 Nd4 22.
Qa2 f3 23. Bh1 e4 24. dxe4 Rxe4 25. Rxd4 Rxd4 26. Bxf3 Rd3 27. Bd5 Qe7 28. Ne2
c6 29. Bg2 Re8 30. Re1 Rc3 31. Bf1 Rc2 32. Qb3 Qf7 33. Be3 Rb2 34. Qd1 d5 35.
cxd5 cxd5 36. Qa4 d4 37. Bc1 Rc2 38. Rd1 Rcxe2 39. Bxe2 Rxe2 40. Rf1 Bd3 41. Qd1
Bc4 42. Bf4 Nxf4 43. gxf4 Qh5 44. Ng2 Qg4 45. Kh1 Bd5 46. Rg1 Bf3 47. Qf1 Bf6 0-1

[Event "39th TCh-GRE"]
[Site "Eretria GRE"]
[Date "2011.07.04"]
[Round "2.14"]
[White "Kourkoulos-Arditis, Stamatis"]
[Black "Koutoukidis, Panagiotis"]
[Result "0-1"]
[WhiteElo "2123"]
[BlackElo "2046"]
[WhiteTeam "Kallithea CC"]
[BlackTeam "Ilioupolis CC"]
[WhiteFideId "4221990"]
[BlackFideId "4244702"]
[EventDate "2011.07.03"]

1. e4 c6 2. c4 d5 3. cxd5 cxd5 4. exd5 Nf6 5. Qa4+ Nbd7 6. Nc3 g6 7. Bc4 Bg7 8.
d3 O-O 9. Nf3 a6 10. Qa3 Nb6 11. Qb3 Bg4 12. Ne5 Bf5 13. O-O Nbd7 14. Nxd7 Qxd7
15. a4 Qc7 16. Ne2 Ng4 17. Bf4 Be5 18. Bxe5 Nxe5 19. Ng3 Bd7 20. Rac1 Rac8 21.
Ne4 b5 22. d6 bxc4 23. Rxc4 Qd8 24. Qc3 exd6 25. Rxc8 Bxc8 26. f4 Ng4 27. h3 d5
28. Ng3 Ne3 29. Rf3 Nf5 30. Nxf5 Bxf5 31. g4 Qb6+ 32. Kh2 d4 33. Qd2 Bd7 34. f5
Qd6+ 35. Kg1 Bc6 0-1

[Event "39th TCh-GRE"]
[Site "Eretria GRE"]
[Date "2011.07.04"]
[Round "2.15"]
[White "Istratescu, Andrei"]
[Black "Hammer, Jon Ludvig"]
[Result "1-0"]
[WhiteTitle "GM"]
[BlackTitle "GM"]
[WhiteElo "2645"]
[BlackElo "2610"]
[WhiteTeam "N.O. Kalamatas Poseidon"]
[BlackTeam "Culture Club Florinas"]
[WhiteFideId "1200372"]
[BlackFideId "1503707"]
[EventDate "2011.07.03"]

1. d4 Nf6 2. c4 e6 3. Nf3 d5 4. g3 Bb4+ 5. Bd2 Be7 6. Bg2 O-O 7. O-O c6 8. Qc2
b6 9. Bf4 Bb7 10. Nbd2 Nh5 11. Be5 Nd7 12. cxd5 cxd5 13. Bc7 Qe8 14. Rfc1 Rc8
15. Qd1 Nc5 16. Be5 Nd7 17. e3 Nhf6 18. Bf1 Nxe5 19. Nxe5 Bd6 20. f4 Ne4 21.
Rxc8 Qxc8 22. Rc1 Qa8 23. Nxe4 dxe4 24. Qa4 h5 25. Be2 g6 26. Qd7 Bxe5 27. fxe5
Bd5 28. a3 Qd8 29. Qxd8 Rxd8 30. Rc7 b5 31. Kf2 Rb8 32. b4 a6 33. Ke1 Kg7 34.
Kd2 h4 35. gxh4 Rh8 36. h5 gxh5 37. h4 Kg6 38. Rc1 Rf8 39. Rg1+ Kh6 40. Rf1 Kg7
41. Bxh5 Rh8 42. Rg1+ Kf8 43. Rg5 Ke7 44. Ke1 Rc8 45. Rg7 Rh8 46. Rg5 Rc8 47.
Kf2 Rc2+ 48. Kg3 Kf8 49. Bg4 Rc3 50. h5 Rxe3+ 51. Kf4 Re1 52. h6 Rf1+ 53. Ke3
Re1+ 54. Kf2 Rh1 55. Bh5 e3+ 56. Kxe3 Rh3+ 57. Kf4 1-0

[Event "39th TCh-GRE"]
[Site "Eretria GRE"]
[Date "2011.07.04"]
[Round "2.15"]
[White "Mastrovasilis, Athanasios"]
[Black "Edouard, Romain"]
[Result "0-1"]
[WhiteTitle "GM"]
[BlackTitle "GM"]
[WhiteElo "2537"]
[BlackElo "2587"]
[WhiteTeam "Culture Club Florinas"]
[BlackTeam "N.O. Kalamatas Poseidon"]
[WhiteFideId "4201990"]
[BlackFideId "633429"]
[EventDate "2011.07.03"]

1. Nf3 Nf6 2. c4 g6 3. Nc3 Bg7 4. e4 d6 5. d4 O-O 6. Be3 e5 7. dxe5 dxe5 8. Qxd8
Rxd8 9. Nd5 Na6 10. Rd1 Re8 11. Nxf6+ Bxf6 12. a3 b6 13. Bd3 Bg4 14. Bc2 Red8
15. O-O Nc5 16. Bxc5 bxc5 17. Rxd8+ Rxd8 18. Rd1 Bxf3 19. Rxd8+ Bxd8 20. gxf3
Bg5 21. Ba4 Bc1 22. Bc6 Bxb2 23. a4 Kf8 24. Kg2 Ke7 25. Kf1 Bd4 26. Ke2 f6 27.
h3 Kd6 28. Be8 c6 29. Kf1 Kc7 30. Ke2 Kb6 31. Bd7 a6 32. Be8 Ka5 33. Bxc6 Kb4
34. Kd3 Bxf2 35. Bb7 a5 36. Bc6 Kb3 37. Bb5 Kb2 38. Kd2 Bg3 39. Bd7 Bf4+ 40. Kd3
Kc1 41. Ke2 Kc2 42. Bc6 Kc3 43. Bb5 Kd4 44. Ba6 Bc1 45. Bb5 h5 46. Ba6 g5 47.
Bb5 h4 48. Kf2 g4 49. hxg4 Bf4 50. Ba6 h3 51. Bb5 Kc3 52. Ba6 Kb4 53. Bb5 Kb3
54. Kg1 Bg3 55. Kh1 Kb4 56. Kg1 Kc3 57. Kh1 Kd3 58. Ba6 Bf4 59. Bb5 Ke3 0-1

[Event "39th TCh-GRE"]
[Site "Eretria GRE"]
[Date "2011.07.04"]
[Round "2.15"]
[White "Tsekouras, Theodoros"]
[Black "Markidis, Konstantinos"]
[Result "1/2-1/2"]
[WhiteElo "2223"]
[BlackElo "2330"]
[WhiteTeam "N.O. Kalamatas Poseidon"]
[BlackTeam "Culture Club Florinas"]
[WhiteFideId "4203402"]
[BlackFideId "4203500"]
[EventDate "2011.07.03"]

1. d4 Nf6 2. c4 g6 3. Nc3 Bg7 4. e4 d6 5. f3 O-O 6. Be3 Nbd7 7. Nh3 a6 8. Nf2 c5
9. d5 Ne8 10. Qd2 b5 11. cxb5 Qa5 12. b6 Nxb6 13. Be2 Bd7 14. O-O Na4 15. Nxa4
Qxd2 16. Bxd2 Bxa4 17. Rab1 Bb5 18. Rfe1 Bxe2 19. Rxe2 a5 20. Bg5 f6 21. Be3 Nc7
22. Nd1 f5 23. Nc3 fxe4 24. fxe4 Be5 25. h3 Rab8 26. Rc1 Rb4 27. Bf2 Rc4 28.
Rcc2 h6 29. Nd1 Rxc2 30. Rxc2 e6 31. dxe6 Nxe6 32. Nc3 Nd4 33. Rd2 Bf4 34. Rd1
Rb8 35. b3 Be5 36. Rd3 Rf8 37. Bxd4 Bxd4+ 38. Kh2 Rf2 39. Nb5 Be5+ 40. Kg1 Rxa2
41. Nxd6 a4 42. bxa4 Rxa4 43. Rd5 Bg3 44. Kf1 Ra2 45. Rd3 Be5 46. Rd5 Bg3 47.
Rd3 Bf4 48. Nc4 Rc2 49. Ne3 Ra2 50. Rc3 h5 51. Nd5 Bd6 52. e5 Bxe5 53. Rxc5 Kg7
54. Nc3 Ra1+ 55. Ke2 Bd4 56. Rc4 1/2-1/2

[Event "39th TCh-GRE"]
[Site "Eretria GRE"]
[Date "2011.07.04"]
[Round "2.15"]
[White "Genova, Lyubka"]
[Black "Makropoulou, Marina"]
[Result "1/2-1/2"]
[WhiteTitle "WIM"]
[BlackTitle "WGM"]
[WhiteElo "2270"]
[BlackElo "2282"]
[WhiteTeam "Culture Club Florinas"]
[BlackTeam "N.O. Kalamatas Poseidon"]
[WhiteFideId "2905612"]
[BlackFideId "4200187"]
[EventDate "2011.07.03"]

1. e4 e5 2. Bc4 Nf6 3. d3 Nc6 4. Nc3 Bb4 5. Ne2 d5 6. exd5 Nxd5 7. a3 Nxc3 8.
Nxc3 Be7 9. O-O O-O 10. Be3 Nd4 11. Ne4 Kh8 12. c3 Nf5 13. Bd2 Nd6 14. Nxd6 Qxd6
15. f4 b5 16. Bb3 Bb7 17. Qe2 Rad8 18. fxe5 Qxd3 19. Qxd3 Rxd3 20. Rad1 Bc5+ 21.
Kh1 Rfd8 22. Bf4 Rxd1 23. Rxd1 Rxd1+ 24. Bxd1 Kg8 25. a4 a6 26. axb5 axb5 27. e6
fxe6 28. Bxc7 Kf7 29. Bf3 Bd5 30. Bxd5 exd5 31. g4 Ke6 32. Kg2 Be3 33. Kf3 Bc1
34. Ke2 Bxb2 35. Kd3 g6 36. h3 Ba3 37. Kd4 Be7 38. Bf4 Ba3 39. Bc7 Bd6 40. Ba5
Bf8 41. Bc7 Bg7+ 42. Kd3 Be5 43. Bb6 Kd6 44. Ba5 Kc6 45. Bb4 Bd6 46. Ba5 Bc5 47.
Bd8 Kd7 48. Bh4 Ke6 49. Bg3 b4 50. cxb4 Bxb4 51. Bh4 Be7 52. Bg3 Bf6 53. Be1 Be5
54. Ba5 Kd6 55. Bb4+ Kc6 56. Be1 Kb5 57. Bf2 Kc6 58. Be1 Kd6 59. Bb4+ Ke6 60.
Ba5 Bb8 61. Bc3 Ba7 62. Ba5 Bc5 63. Bc3 Bb6 64. Be1 h5 65. Bh4 Bc5 66. Bg3 Bd6
67. Be1 hxg4 68. hxg4 Bf4 69. Ba5 Be5 70. Be1 Ba1 71. Bg3 Kf6 72. Bh4+ Ke5 73.
Bg3+ Ke6 74. Be1 Bb2 75. Bf2 Bc1 76. Bb6 Bf4 77. Ba5 Be5 78. Be1 Kf6 79. Bh4+
Kg7 80. Bg5 Kf7 81. Bh4 Bh2 82. Bd8 Ke6 83. Ba5 Bd6 84. Be1 Be7 85. Bf2 Bg5 86.
Bb6 Bc1 87. Ba5 Ba3 88. Be1 Bb2 89. Bf2 Bc1 90. Bb6 Ba3 91. Bf2 Bb2 92. Be1 Kd6
93. Bh4 Be5 94. Bf2 Bf4 95. Bb6 Bc1 96. Bd8 Ba3 97. Bh4 Ke6 98. Bf2 Bc1 99. Bb6
Kd6 100. Bd8 Bf4 101. Bb6 Kc6 102. Bd8 Bh6 103. Bf6 Bc1 104. Bd8 Kd6 105. Bb6 1/2-1/2

[Event "39th TCh-GRE"]
[Site "Eretria GRE"]
[Date "2011.07.04"]
[Round "2.15"]
[White "Filopoulou, Aggeliki"]
[Black "Peskelidou, Emanouela"]
[Result "1/2-1/2"]
[WhiteElo "1492"]
[BlackElo "1634"]
[WhiteTeam "N.O. Kalamatas Poseidon"]
[BlackTeam "Culture Club Florinas"]
[WhiteFideId "4219473"]
[BlackFideId "4218701"]
[EventDate "2011.07.03"]

1. e4 e5 2. Nf3 Nc6 3. Bc4 Nf6 4. d3 d6 5. c3 Bg4 6. h3 Bh5 7. g4 Bg6 8. Be3 d5
9. exd5 Nxd5 10. Bg5 f6 11. Bh4 Nf4 12. d4 Ng2+ 13. Kf1 Nxh4 14. Nxh4 exd4 15.
Nxg6 hxg6 16. Qb3 Ne5 17. Kg2 Nxc4 18. Qxc4 Qd6 19. Re1+ Be7 20. Qxd4 Qxd4 21.
cxd4 Kf7 22. Nc3 a6 23. Re3 Rad8 24. Rae1 Rhe8 25. Re4 f5 26. gxf5 gxf5 27. Rf4
g6 28. d5 Bf6 29. Rd1 Re7 30. Rf3 Red7 31. Rfd3 Be7 32. Ne2 c6 33. Nc3 cxd5 34.
Rxd5 Rxd5 35. Rxd5 Rxd5 36. Nxd5 Bd6 37. Kf3 Ke6 38. Nf4+ Kf6 39. h4 Kg7 1/2-1/2

[Event "39th TCh-GRE"]
[Site "Eretria GRE"]
[Date "2011.07.04"]
[Round "2.15"]
[White "Moutzouris, Iason"]
[Black "Vasiliadis, Anastasios"]
[Result "0-1"]
[WhiteElo "1718"]
[BlackElo "1891"]
[WhiteTeam "N.O. Kalamatas Poseidon"]
[BlackTeam "Culture Club Florinas"]
[WhiteFideId "4219740"]
[BlackFideId "4251083"]
[EventDate "2011.07.03"]

1. e4 c5 2. Nf3 e6 3. d4 cxd4 4. Nxd4 Nc6 5. Nc3 a6 6. Be2 Qc7 7. Be3 Nf6 8. a3
b5 9. O-O Be7 10. f4 O-O 11. Kh1 Bb7 12. Bd3 d6 13. Qf3 Nxd4 14. Bxd4 e5 15. Be3
Rad8 16. Nd5 Bxd5 17. exd5 Qb7 18. Rad1 Rfe8 19. Rfe1 e4 20. Bxe4 Nxe4 21. Qxe4
Bh4 22. Qd3 Bxe1 23. Rxe1 Qe7 24. Kg1 Qh4 25. g3 Qh5 26. Kg2 Qg4 27. h3 Qd7 28.
g4 Re7 29. Kf3 Rde8 30. Re2 Qc7 31. Re1 h6 32. c3 Qb7 33. Qd4 Rc7 34. Rd1 Rc4
35. Qd3 Qe7 36. Bd4 Rc7 37. Rh1 h5 38. f5 Qh4 39. Rg1 Qxh3+ 40. Rg3 Qh1+ 41. Kf4
Rce7 42. Re3 Qh2+ 43. Kf3 Qh3+ 44. Kf2 Rxe3 45. Bxe3 Qxg4 46. Bd4 Re4 0-1

[Event "39th TCh-GRE"]
[Site "Eretria GRE"]
[Date "2011.07.04"]
[Round "2.16"]
[White "Koliopoulos, Konstantinos"]
[Black "Jianu, Vlad-Cristian"]
[Result "0-1"]
[BlackTitle "GM"]
[WhiteElo "2262"]
[BlackElo "2518"]
[WhiteTeam "AO Zenon Glyfadas"]
[BlackTeam "Polichni CC"]
[WhiteFideId "4202244"]
[BlackFideId "1208110"]
[EventDate "2011.07.03"]

1. Nf3 c5 2. c4 Nf6 3. Nc3 e6 4. g3 d5 5. cxd5 exd5 6. d4 Nc6 7. Bg2 Be7 8. O-O
O-O 9. dxc5 Bxc5 10. Na4 Be7 11. b3 Bg4 12. h3 Bh5 13. Bb2 Re8 14. Rc1 Rc8 15.
Nc5 Ne4 16. Nd3 Bd6 17. Nf4 Bxf4 18. gxf4 Bxf3 19. Bxf3 Qh4 20. e3 Rcd8 21. Bg2
f5 22. b4 a6 23. a4 d4 24. b5 axb5 25. axb5 dxe3 26. Qb3+ Kh8 27. fxe3 Ne7 28.
Qf7 Rg8 29. Bd4 Ng6 30. Qxf5 Ng3 31. Qf7 Ne2+ 32. Kh1 Nxc1 33. Rxc1 Nxf4 34. Rc7
Rxd4 35. exd4 Qg3 36. Bxb7 Qxh3+ 37. Kg1 Qg3+ 38. Kf1 Qd3+ 39. Kf2 Qxd4+ 40. Kf3
Ng6 41. Ke2 Rf8 42. Rc8 Qg4+ 0-1

[Event "39th TCh-GRE"]
[Site "Eretria GRE"]
[Date "2011.07.04"]
[Round "2.16"]
[White "Theofilopoulos, Aris"]
[Black "Papastavropoulos, Andreas"]
[Result "0-1"]
[BlackTitle "FM"]
[WhiteElo "2205"]
[BlackElo "2257"]
[WhiteTeam "Polichni CC"]
[BlackTeam "AO Zenon Glyfadas"]
[WhiteFideId "4201825"]
[BlackFideId "4201230"]
[EventDate "2011.07.03"]

1. d4 Nf6 2. Nf3 g6 3. Nc3 d5 4. e3 Bg7 5. Be2 c6 6. Ne5 Bf5 7. O-O h5 8. Bd3
Qc8 9. f3 c5 10. dxc5 Qxc5 11. Bxf5 gxf5 12. Qd3 e6 13. Qb5+ Nfd7 14. Nxd7 Qxb5
15. Nxb5 Kxd7 16. Rd1 a6 17. Nd4 Nc6 18. Nb3 Kc7 19. c3 Ne5 20. Nd4 b5 21. b3
Kb6 22. Bb2 Bh6 23. Kf2 h4 24. Ne2 Bg7 25. a4 Nc6 26. Rdb1 Rhc8 27. c4 Bxb2 28.
Rxb2 Nb4 29. Rd2 bxc4 30. bxc4 Rxc4 31. a5+ Kc5 32. Nd4 Rb8 33. g3 hxg3+ 34.
Kxg3 Rg8+ 35. Kf2 Rc3 36. Ne2 Rc4 37. Nd4 f4 38. Nb3+ Kd6 39. e4 Rc3 40. Nd4
Nd3+ 41. Kf1 Ne5 42. Kf2 Rh8 43. Kg2 Nc4 44. Rf2 Ne3+ 45. Kh1 Ke5 46. Ne2 Rc2
47. exd5 exd5 48. Re1 d4 49. Nc1 Rhc8 50. Nd3+ Kf5 51. Rxc2 Rxc2 52. h4 Rd2 53.
Nc5 Rf2 54. Kg1 Rxf3 55. Rb1 Rg3+ 56. Kh2 Ng4+ 57. Kh1 f3 58. Nxa6 Nf2+ 59. Kh2 0-1

[Event "39th TCh-GRE"]
[Site "Eretria GRE"]
[Date "2011.07.04"]
[Round "2.16"]
[White "Kordis, Konstantinos"]
[Black "Kirgeridis, Panagiotis"]
[Result "1/2-1/2"]
[WhiteElo "2207"]
[BlackElo "2019"]
[WhiteTeam "AO Zenon Glyfadas"]
[BlackTeam "Polichni CC"]
[WhiteFideId "4205197"]
[BlackFideId "4210212"]
[EventDate "2011.07.03"]

1. e4 c5 2. Nf3 e6 3. d4 cxd4 4. Nxd4 Nf6 5. Nc3 d6 6. g4 h6 7. Bg2 Be7 8. h3 a6
9. Be3 Nfd7 10. Qe2 Qc7 11. O-O-O b5 12. e5 d5 13. f4 Nb6 14. Qf3 Nc4 15. Bg1
Nd7 16. Bh2 Bb7 17. Kb1 Rc8 18. Nce2 Bb4 19. c3 Be7 20. Ka1 b4 21. cxb4 Bxb4 22.
Rc1 Qb6 23. b3 Nd2 24. Rxc8+ Bxc8 25. Qe3 Nc5 26. Rc1 Kd7 27. f5 Bb7 28. Qf4 Rf8
29. Rc2 Qa5 30. Qe3 Rc8 31. Bg1 Rc7 32. Bh2 Bc6 33. Bf4 Nde4 34. Qf3 Bb5 35. Bc1
Bd3 36. fxe6+ fxe6 37. Rxc5 Nxc5 38. Bb2 Ba3 39. Bc3 Bb4 40. Bb2 Ba3 41. Bc3 Bb4
42. Bb2 1/2-1/2

[Event "39th TCh-GRE"]
[Site "Eretria GRE"]
[Date "2011.07.04"]
[Round "2.16"]
[White "Farmaki, Athanasia"]
[Black "Barbageorgopoulou, Fani"]
[Result "0-1"]
[WhiteElo "1715"]
[BlackElo "1851"]
[WhiteTeam "AO Zenon Glyfadas"]
[BlackTeam "Polichni CC"]
[WhiteFideId "4212878"]
[BlackFideId "4220838"]
[EventDate "2011.07.03"]

1. c4 Nf6 2. g3 g6 3. Bg2 Bg7 4. Nc3 O-O 5. d3 c5 6. Nf3 Nc6 7. O-O d5 8. cxd5
Nxd5 9. Nxd5 Qxd5 10. Nd2 Qh5 11. Nc4 Bh3 12. Rb1 Bxg2 13. Kxg2 Nd4 14. e3 Qd5+
15. f3 Nc6 16. e4 Qd7 17. Be3 b6 18. a3 Rfd8 19. b4 cxb4 20. axb4 Qxd3 21. Qb3
Rac8 22. Qxd3 Rxd3 23. Kf2 Rc3 24. Nd2 Nd4 25. Rfd1 Nc2 26. Nf1 R3c7 27. Bf4 e5
28. Bd2 Rd7 29. Ne3 Nxe3 30. Kxe3 Rcd8 31. Ke2 Rc8 32. Rb2 Bf8 33. Ra2 Rcd8 34.
Raa1 Rc8 35. Ra2 Rc4 36. Rb2 f5 37. exf5 gxf5 38. Re1 Kf7 39. Kf2 Bg7 40. Ra2 e4
41. fxe4 fxe4 42. Kg2 Kg6 43. Rf1 Bh6 44. Bxh6 Kxh6 45. Rb2 e3 46. Kf3 Rd2 47.
Rxd2 exd2 48. Rd1 Rd4 49. Ke3 Rd7 50. Rxd2 Rxd2 51. Kxd2 a5 52. bxa5 bxa5 53. h3
Kg5 54. Kd3 Kf5 0-1

[Event "39th TCh-GRE"]
[Site "Eretria GRE"]
[Date "2011.07.04"]
[Round "2.16"]
[White "Roinos, Ilias"]
[Black "Gouloutis, Nikolaos"]
[Result "0-1"]
[WhiteElo "1762"]
[BlackElo "1758"]
[WhiteTeam "AO Zenon Glyfadas"]
[BlackTeam "Polichni CC"]
[WhiteFideId "4232402"]
[BlackFideId "4224256"]
[EventDate "2011.07.03"]

1. e4 e6 2. d4 d5 3. exd5 exd5 4. Bd3 Bd6 5. Nf3 Nc6 6. O-O Bg4 7. c3 Nge7 8.
Nbd2 Qd7 9. Re1 O-O 10. Qc2 h6 11. h3 Bh5 12. b3 Bg6 13. Ne5 Bxe5 14. dxe5 Bxd3
15. Qxd3 Ng6 16. e6 Nf4 17. exf7+ Qxf7 18. Qf1 Qg6 19. Kh1 Qc2 20. Nf3 Nxh3 21.
Re2 Qxc3 22. Ba3 Rf7 23. Re3 Nxf2+ 24. Qxf2 Qxa1+ 25. Re1 Qc3 26. Bb2 Qb4 27.
Qg3 Qf4 28. Qh3 Qf5 29. Qg3 Rd8 30. Rd1 d4 31. Re1 d3 32. Rd1 d2 33. Qf2 Qc2 34.
Rxd2 Rxd2 35. Qxd2 Qxd2 36. Nxd2 Rf2 37. Bc3 b5 38. Kg1 Re2 39. Kf1 Re3 40. Bb2
Re8 41. Kf2 Nb4 42. Bd4 Rd8 43. Nf3 c5 44. Be3 Rd5 45. a4 bxa4 46. bxa4 Nc2 47.
Bf4 a6 48. g3 Nd4 49. Nd2 g5 50. Bc7 Ne6 51. Ba5 Rd4 0-1

[Event "39th TCh-GRE"]
[Site "Eretria GRE"]
[Date "2011.07.04"]
[Round "2.17"]
[White "Dochev, Dimitar"]
[Black "Reitzopoulos, Konstantinos"]
[Result "1-0"]
[WhiteTitle "IM"]
[WhiteElo "2426"]
[BlackElo "1908"]
[WhiteTeam "Aigialeias Chess Union"]
[BlackTeam "Chess Union Kalamata"]
[WhiteFideId "2900939"]
[BlackFideId "4252055"]
[EventDate "2011.07.03"]

1. e4 c5 2. Nf3 d6 3. d4 cxd4 4. Nxd4 Nf6 5. Nc3 g6 6. Be3 Bg7 7. f3 O-O 8. Qd2
Nc6 9. Bc4 Bd7 10. h4 h5 11. O-O-O Ne5 12. Bb3 Rc8 13. Bg5 a6 14. g4 hxg4 15. f4
Nc4 16. Qe2 b5 17. h5 Nxh5 18. Qh2 g3 19. Qe2 f6 20. Bh4 Nxf4 21. Qf3 g2 22. Rh2
e5 23. Nde2 Qb6 24. Bf2 Nxe2+ 25. Qxe2 Qc6 26. Rxg2 Bh6+ 27. Be3 Bxe3+ 28. Qxe3
Kg7 29. Qg3 g5 30. Nd5 Rce8 31. Rf1 Qc5 32. Rxf6 Rxf6 33. Qxg5+ 1-0

[Event "39th TCh-GRE"]
[Site "Eretria GRE"]
[Date "2011.07.04"]
[Round "2.17"]
[White "Pantazis, Konstantinos"]
[Black "Dimopoulos, Apostolos"]
[Result "1-0"]
[WhiteElo "1628"]
[BlackElo "1923"]
[WhiteTeam "Chess Union Kalamata"]
[BlackTeam "Aigialeias Chess Union"]
[WhiteFideId "4241231"]
[BlackFideId "4252845"]
[EventDate "2011.07.03"]

1. e4 c5 2. c3 g6 3. d4 cxd4 4. cxd4 d5 5. e5 Nc6 6. Nc3 Bg7 7. Be3 Nh6 8. Qb3
O-O 9. Qxd5 Qb6 10. Qb5 Nb4 11. Rc1 Bf5 12. Nf3 Nc2+ 13. Kd2 Nxe3 14. fxe3 Ng4
15. Qxb6 axb6 16. Bc4 Rfd8 17. Ke2 Bh6 18. Nd5 Be4 19. Nf4 e6 20. h3 Bxf4 21.
exf4 Nh6 22. g4 Bxf3+ 23. Kxf3 Rxd4 24. Rhd1 Rad8 25. Rxd4 Rxd4 26. Ke3 Rd7 27.
Bb5 Rd5 28. a4 Kg7 29. Rc7 g5 30. Rxb7 gxf4+ 31. Kxf4 Kg6 32. Rd7 Rc5 33. h4 Kg7
34. Rd6 Rc2 35. b4 Rf2+ 36. Kg5 f6+ 37. exf6+ Rxf6 38. Rd7+ Nf7+ 39. Rxf7+ Kxf7
40. a5 e5 41. a6 e4 42. a7 1-0

[Event "39th TCh-GRE"]
[Site "Eretria GRE"]
[Date "2011.07.04"]
[Round "2.17"]
[White "Genova, Ruzka"]
[Black "Bulmaga, Irina"]
[Result "1-0"]
[WhiteTitle "WIM"]
[BlackTitle "WIM"]
[WhiteElo "2188"]
[BlackElo "2293"]
[WhiteTeam "Chess Union Kalamata"]
[BlackTeam "Aigialeias Chess Union"]
[WhiteFideId "2902273"]
[BlackFideId "13903063"]
[EventDate "2011.07.03"]

1. c4 Nf6 2. Nc3 e6 3. Nf3 d5 4. d4 Be7 5. Bg5 h6 6. Bh4 O-O 7. e3 b6 8. cxd5
Nxd5 9. Bxe7 Qxe7 10. Nxd5 exd5 11. Be2 Be6 12. O-O c5 13. b3 Nd7 14. Rc1 Rfd8
15. Qd2 Rac8 16. Rfd1 Rc7 17. Qb2 f6 18. Qa3 Nf8 19. g3 Bg4 20. dxc5 bxc5 21.
Qa4 h5 22. Rd2 Ne6 23. Nh4 Bxe2 24. Rxe2 Kf7 25. Qb5 c4 26. Rd1 a6 27. Qa5 Rc5
28. Qxa6 Qc7 29. b4 Rc6 30. Qa4 d4 31. b5 d3 32. bxc6 dxe2 33. Re1 Rd1 34. Rxd1
exd1=Q+ 35. Qxd1 Qxc6 36. Qxh5+ Kg8 37. Nf5 Qb7 38. Qe8+ Nf8 39. Ne7+ Kh8 40.
Qxf8+ 1-0

[Event "39th TCh-GRE"]
[Site "Eretria GRE"]
[Date "2011.07.04"]
[Round "2.17"]
[White "Bakoyannis, Thodoris"]
[Black "Mavromihalis, Konstantinos"]
[Result "0-1"]
[WhiteElo "1629"]
[BlackElo "1816"]
[WhiteTeam "Aigialeias Chess Union"]
[BlackTeam "Chess Union Kalamata"]
[WhiteFideId "4252837"]
[BlackFideId "4239342"]
[EventDate "2011.07.03"]

1. e4 e6 2. d4 d5 3. Nc3 Bb4 4. e5 c5 5. a3 Bxc3+ 6. bxc3 Qc7 7. Qg4 f5 8. Qh5+
g6 9. Qd1 cxd4 10. cxd4 Bd7 11. Nf3 Ba4 12. Bd3 Nc6 13. O-O h6 14. Qe2 Nge7 15.
Bb5 Bxb5 16. Qxb5 g5 17. c3 f4 18. Ne1 O-O-O 19. Nd3 b6 20. Nb4 Na5 21. Bd2 Qc4
22. a4 Rh7 23. Rfd1 Nec6 24. Qxc4 dxc4 25. Nxc6 Nxc6 26. Bc1 Ne7 27. Ba3 Nd5 28.
Rdc1 g4 29. a5 h5 30. axb6 axb6 31. Bd6 Rdd7 32. Ra8+ Kb7 33. Re8 Ne7 34. Bxe7
Rdxe7 35. Rxe7+ Rxe7 36. Rb1 Kc6 37. Ra1 Kd5 38. f3 gxf3 39. gxf3 Rg7+ 40. Kf2
h4 41. Ra8 h3 42. Rd8+ Kc6 43. Rd6+ Kb5 44. Rxe6 Rg2+ 45. Kf1 Rxh2 46. Rh6 Rh1+
47. Ke2 Rh2+ 48. Kd1 Rh1+ 49. Kc2 Rh2+ 50. Kc1 Rh1+ 51. Kb2 Rh2+ 52. Ka3 Rc2 53.
Rxh3 Rxc3+ 54. Kb2 Rd3 55. e6 Rxd4 56. e7 Rd2+ 57. Kc3 Rd3+ 58. Kc2 Re3 59. Rh4
Rxe7 60. Rxf4 Kb4 61. Rf6 b5 62. Rd6 Rf7 63. Rd1 Rxf3 64. Rb1+ Kc5 65. Kd2 b4
66. Ke2 Ra3 67. Kd2 Kd4 68. Rxb4 Ra2+ 69. Kc1 Kc3 70. Kb1 Kxb4 71. Kxa2 Kc3 0-1